| 000 -LEADER | |
|---|---|
| fixed length control field | 00337nam a22001217a 4500 |
| 050 ## - LIBRARY OF CONGRESS CALL NUMBER | |
| Classification number | BP161.2 |
| 100 ## - MAIN ENTRY--AUTHOR NAME | |
| Personal name | Al-Masih, Abed |
| 245 ## - TITLE STATEMENT | |
| Title | World Muslim population growth 1970-2000 |
| 250 ## - EDITION STATEMENT | |
| Edition statement | 2nd edition |
| 260 ## - PUBLICATION, DISTRIBUTION, ETC. (IMPRINT) | |
| Place of publication | Villah (Austria) |
| Name of publisher | Light of Life |
| Year of publication | 1990 |
| 300 ## - PHYSICAL DESCRIPTION | |
| Number of Pages | 407p.: ill. includes bibliograhical references and index |
| 942 ## - ADDED ENTRY ELEMENTS (KOHA) | |
| Koha item type | Books |
| Koha item type | Collection code | Shelving location | Accession Number | Permanent Location | Current Location | Date acquired | Full call number |
|---|---|---|---|---|---|---|---|
| Books | Reference | Reference | 1523 | Chapman Library | Chapman Library | 2016-06-08 | BP161.2alm |

